00338nam a22001217a 4500003000900000005001700009008003500026040002200061082001700083245002800100260004400128300004400172DO-SdBNP20171129093855.0171115b 19uu|| |||| 00| 0 spa d aBPMSUbspacBPMSU axxxxxbxxxxx00aEnfermedades por virus  a[Estados Unidos ] : bs. n. ,c[198-?]. axxiii, 882 p. :bil. y maps. ;c24 cm.